<?xml version="1.0" encoding="UTF-8"?>
<record
    xmlns:xsi="http://www.w3.org/2001/XMLSchema-instance"
    xsi:schemaLocation="http://www.loc.gov/MARC21/slim http://www.loc.gov/standards/marcxml/schema/MARC21slim.xsd"
    xmlns="http://www.loc.gov/MARC21/slim">

  <leader>00777nam a22002177b 4500</leader>
  <controlfield tag="003">3228</controlfield>
  <controlfield tag="005">20250710120526.0</controlfield>
  <controlfield tag="008">250710b        sa ||||| |||| 00| 0 eng d</controlfield>
  <datafield tag="020" ind1=" " ind2=" ">
    <subfield code="a">9781905087334</subfield>
    <subfield code="q">pbk</subfield>
  </datafield>
  <datafield tag="040" ind1=" " ind2=" ">
    <subfield code="a">RDA</subfield>
    <subfield code="c">3228</subfield>
  </datafield>
  <datafield tag="041" ind1=" " ind2=" ">
    <subfield code="2">E</subfield>
    <subfield code="a">Englsih</subfield>
  </datafield>
  <datafield tag="082" ind1=" " ind2=" ">
    <subfield code="a">J 551.552 CHAM</subfield>
  </datafield>
  <datafield tag="100" ind1=" " ind2=" ">
    <subfield code="a">Chambers, Catherine</subfield>
    <subfield code="9">333</subfield>
  </datafield>
  <datafield tag="245" ind1=" " ind2=" ">
    <subfield code="a">Hurricanes /</subfield>
    <subfield code="c">Catherine Chambers</subfield>
  </datafield>
  <datafield tag="260" ind1=" " ind2=" ">
    <subfield code="a">Brighton : </subfield>
    <subfield code="b">Book House, </subfield>
    <subfield code="c">2006.</subfield>
  </datafield>
  <datafield tag="300" ind1=" " ind2=" ">
    <subfield code="a">32 pages :</subfield>
    <subfield code="b">colour illustrations ;</subfield>
    <subfield code="c">24 cm.</subfield>
  </datafield>
  <datafield tag="490" ind1=" " ind2=" ">
    <subfield code="a">What on Earth?</subfield>
  </datafield>
  <datafield tag="500" ind1=" " ind2=" ">
    <subfield code="a">This illustrated title in the 'What On Earth?' series explains and shows how hurricanes form, and the havoc and destruction that follows with such speed and violence.</subfield>
  </datafield>
  <datafield tag="650" ind1=" " ind2=" ">
    <subfield code="v">Hurricanes  </subfield>
    <subfield code="x">tropical storms</subfield>
    <subfield code="x">cyclones</subfield>
    <subfield code="9">195179</subfield>
  </datafield>
  <datafield tag="942" ind1=" " ind2=" ">
    <subfield code="2">ddc</subfield>
    <subfield code="c">BOOK</subfield>
    <subfield code="y">395</subfield>
    <subfield code="z">Kholofelo Moabelo</subfield>
  </datafield>
  <datafield tag="999" ind1=" " ind2=" ">
    <subfield code="c">729865</subfield>
    <subfield code="d">729864</subfield>
  </datafield>
  <datafield tag="952" ind1=" " ind2=" ">
    <subfield code="0">0</subfield>
    <subfield code="1">0</subfield>
    <subfield code="4">0</subfield>
    <subfield code="7">0</subfield>
    <subfield code="a">KINRL</subfield>
    <subfield code="b">KINRL</subfield>
    <subfield code="d">2022-08-30</subfield>
    <subfield code="l">0</subfield>
    <subfield code="p">33228014787608</subfield>
    <subfield code="r">2022-08-30</subfield>
    <subfield code="w">2022-08-30</subfield>
  </datafield>
  <datafield tag="952" ind1=" " ind2=" ">
    <subfield code="0">0</subfield>
    <subfield code="1">0</subfield>
    <subfield code="4">0</subfield>
    <subfield code="7">0</subfield>
    <subfield code="8">500</subfield>
    <subfield code="a">STANL</subfield>
    <subfield code="b">STANL</subfield>
    <subfield code="c">GEN</subfield>
    <subfield code="d">2025-07-10</subfield>
    <subfield code="g">259.00</subfield>
    <subfield code="l">0</subfield>
    <subfield code="o">J 551.552 CHAM</subfield>
    <subfield code="p">33228031064182</subfield>
    <subfield code="r">2025-07-10</subfield>
    <subfield code="v">259.00</subfield>
    <subfield code="w">2025-07-10</subfield>
  </datafield>
  <datafield tag="952" ind1=" " ind2=" ">
    <subfield code="0">0</subfield>
    <subfield code="1">0</subfield>
    <subfield code="2">ddc</subfield>
    <subfield code="4">0</subfield>
    <subfield code="7">0</subfield>
    <subfield code="8">500</subfield>
    <subfield code="a">EVANL</subfield>
    <subfield code="b">EVANL</subfield>
    <subfield code="c">CHILD</subfield>
    <subfield code="d">2025-10-23</subfield>
    <subfield code="l">0</subfield>
    <subfield code="o">J 551.552 CHAM</subfield>
    <subfield code="p">33228013945629</subfield>
    <subfield code="r">2025-10-23</subfield>
    <subfield code="w">2025-10-23</subfield>
    <subfield code="y">BOOK</subfield>
  </datafield>
</record>
